| 000 | 01239cam a2200289 4500 | ||
|---|---|---|---|
| 001 | ABS65687 | ||
| 008 | 020801n2002 000 0 eng u | ||
| 035 | _a(Sirsi) u119154 | ||
| 100 | _aSoetanto, R. | ||
| 245 | 2 | _aA tool for assessing contractor performance | |
| 260 | _c2002 | ||
| 490 |
_aJournal of Construction Procurement _v8(1) May 2002, 48-63, (16) |
||
| 520 | _aPresents a generic tool for the formal assessment of contractor performance based on data derived from experienced clients and architects. This approach to performance assessment should lead to improved relationships between members of the project coalition - architects, clients and contractors. Cost, time and quality were found to be the most important performance criteria but softer measures were also rated highly. Worked examples and references. [Taken from journal abstract]. | ||
| 590 | _aABS | ||
| 650 | _aPERFORMANCE | ||
| 650 | _aASSESSMENTS | ||
| 650 | _aARCHITECTS | ||
| 650 | _aBUILDING CONTRACTORS | ||
| 650 | _aCLIENTS | ||
| 650 | _aPERFORMANCE MEASUREMENT | ||
| 650 | _aCONSTRUCTION INDUSTRY | ||
| 650 | _aPROJECT PARTNERING | ||
| 690 |
_aProcurement _96260 |
||
| 700 | _aProverbs, D. G. | ||
| 700 | _aCooper, P | ||
| 942 | _n0 | ||
| 999 |
_c70879 _d70879 |
||